Normal view MARC view

Entry Nome pessoal

Number of records used in: 1

001 - NÚMERO DE CONTROLE

  • campo de controle: 517

003 - IDENTIFICADOR DO NÚMERO DE CONTROLE

  • campo de controle: Br

005 - DATA E HORÁRIO DA ÚLTIMA TRANSAÇÃO

  • campo de controle: 20250315124412.0

008 - CAMPO DE DADOS FIXOS

  • campo de controle de tamanho fixo: 030905|| acnnnaab| aaaa d

035 ## - NÚMERO DE CONTROLE DO SISTEMA

  • Número de Controle do Sistema: 2003090514515931med

040 ## - FONTE DA CATALOGAÇÃO

  • Instituição da catalogação original: Br
  • Instituição que transcreveu o registro: Br

100 1# - CABEÇALHO--NOME PESSOAL

  • Nome pessoal: Marchese, Juracy Daisy.
  • Função do autor por extenso: TRADUTOR

670 ## - FONTE POSITIVA DOS DADOS

  • Citação da fonte positiva dos dados: Trad. de: Troyat, Henri. O pão do estrangeiro. 1983

675 ## - FONTE NEGATIVA DOS DADOS

  • Citação da fonte positiva dos dados: Cad. de trad.

Powered by Koha